Biomechanics and gait analysis / (Record no. 83137)
[ view plain ]
| 000 -LEADER | |
|---|---|
| fixed length control field | 01167nam a2200361 a 4500 |
| 001 - CONTROL NUMBER | |
| control field | 83137 |
| 003 - CONTROL NUMBER IDENTIFIER | |
| rucl marc code | BD-RjUL |
| 005 - DATE AND TIME OF LATEST TRANSACTION | |
| control field | 20240222155340.0 |
| 008 - FIXED-LENGTH DATA ELEMENTS--GENERAL INFORMATION | |
| fixed length control field | 240222s2020 enka b 001 0 eng c |
| 020 ## - INTERNATIONAL STANDARD BOOK NUMBER | |
| International Standard Book Number | 9780128133729 |
| Qualifying information | (pbk.) |
| International Standard Book Number | 0128133724 |
| Qualifying information | (pbk.) |
| Canceled/invalid ISBN | 9780128134405 (ePub ebook) |
| 035 ## - SYSTEM CONTROL NUMBER | |
| System control number | (BD-RjUL)83137 |
| 040 ## - CATALOGING SOURCE | |
| Original cataloging agency | NLM |
| Language of cataloging | eng |
| Transcribing agency | NLM |
| Description conventions | rda |
| Modifying agency | OCLCF |
| -- | OCLCA |
| -- | DLC |
| -- | BD-RjUL |
| 041 ## - LANGUAGE CODE | |
| Language code of text/sound track or separate title | eng |
| 082 ## - DEWEY DECIMAL CLASSIFICATION NUMBER | |
| Edition number | 23 |
| Classification number | 573.79 |
| Author mark and year | STB 2020 |
| 100 1# - MAIN ENTRY--PERSONAL NAME | |
| Personal name | Stergiou, Nicholas, |
| Relator term | author. |
| 9 (RLIN) | 11869 |
| 245 10 - TITLE STATEMENT | |
| Title | Biomechanics and gait analysis / |
| Statement of responsibility, etc. | Nick Stergiou. |
| 264 #1 - PRODUCTION, PUBLICATION, DISTRIBUTION, MANUFACTURE, AND COPYRIGHT NOTICE | |
| Place of production, publication, distribution, manufacture | London ; |
| -- | San Diego, CA : |
| Name of producer, publisher, distributor, manufacturer | Academic Press, |
| Date of production, publication, distribution, manufacture, or copyright notice | 2020. |
| 300 ## - PHYSICAL DESCRIPTION | |
| Pagination | xxviii, 384 pages : |
| Illustrations | illustrations ; |
| Size | 24 cm |
| 336 ## - CONTENT TYPE | |
| Content type term | text |
| Content type code | txt |
| Source | rdacontent |
| 337 ## - MEDIA TYPE | |
| Media type term | unmediated |
| Media type code | n |
| Source | rdamedia |
| 338 ## - CARRIER TYPE | |
| Carrier type term | volume |
| Carrier type code | nc |
| Source | rdacarrier |
| 504 ## - BIBLIOGRAPHY, ETC. NOTE | |
| Bibliography, etc | Includes bibliographical references and index. |
| 650 #0 - SUBJECT ADDED ENTRY--TOPICAL TERM | |
| Topical term or geographic name as entry element | Gait in humans. |
| 9 (RLIN) | 11870 |
| Topical term or geographic name as entry element | Human locomotion. |
| 9 (RLIN) | 11871 |
| Topical term or geographic name as entry element | Biomechanics. |
| Topical term or geographic name as entry element | Gait Analysis. |
| 9 (RLIN) | 11872 |
| Topical term or geographic name as entry element | Biomechanical Phenomena. |
| 9 (RLIN) | 11873 |
| Topical term or geographic name as entry element | Locomotion. |
| 9 (RLIN) | 11874 |
| 776 08 - ADDITIONAL PHYSICAL FORM ENTRY | |
| Relationship information | ebook version : |
| International Standard Book Number | 9780128134405 |
| 942 ## - ADDED ENTRY ELEMENTS (KOHA) | |
| Source of classification or shelving scheme | Dewey Decimal Classification |
| Koha item type | Books |
| Lost status | Source of classification or shelving scheme | Damaged status | Not for loan | Collection code | Permanent Location | Current Location | Shelving location | Date acquired | Source of acquisition | Cost, normal purchase price | Total Checkouts | Full call number | Date last seen | Copy number | Koha item type |
|---|---|---|---|---|---|---|---|---|---|---|---|---|---|---|---|
| Dewey Decimal Classification | Not For Loan | Non-fiction | Central Library, University of Rajshahi | Central Library, University of Rajshahi | Reading Room | 13/02/2024 | Dhaka : Book Finder | 14985.00 | 573.79 STB 2020 | 22/02/2024 | C-1 | Books | |||
| Dewey Decimal Classification | Non-fiction | Central Library, University of Rajshahi | Central Library, University of Rajshahi | General Stacks | 13/02/2024 | Dhaka : Book Finder | 14985.00 | 573.79 STB 2020 | 22/02/2024 | C-2 | Books |